[Event "37th World Junior Girls"]
[Site "New Delhi IND"]
[Date "2019.10.23"]
[Round "9.14"]
[White "Afraoui, Anaelle"]
[Black "Zhu, Jiner"]
[Result "0-1"]
[WhiteTitle "WFM"]
[BlackTitle "WIM"]
[WhiteElo "2106"]
[BlackElo "2507"]
[WhiteFideId "20654383"]
[BlackFideId "8608059"]
[EventDate "2019.10.15"]

1. e4 e5 2. Nf3 Nc6 3. Bb5 g6 4. d4 exd4 5. c3 Bg7 6. O-O a6 7. Bc4 Nge7 8. Bg5
h6 9. Bd2 O-O 10. cxd4 d5 11. exd5 Nxd5 12. Qb3 Nb6 13. Bd3 Nxd4 14. Qd1 Bg4 15.
Be4 Nc4 16. Bc3 Bxf3 17. gxf3 Qh4 18. f4 Rad8 19. Nd2 Qxf4 20. Re1 Ne6 0-1

[Event "37th World Junior Girls"]
[Site "New Delhi IND"]
[Date "2019.10.23"]
[Round "9.16"]
[White "Nastase, Andreea-Cristina"]
[Black "Potapova, Margarita"]
[Result "1/2-1/2"]
[WhiteTitle "WFM"]
[BlackTitle "WFM"]
[WhiteElo "2077"]
[BlackElo "2377"]
[WhiteFideId "1221183"]
[BlackFideId "14126869"]
[EventDate "2019.10.15"]

1. d4 Nf6 2. c4 e6 3. Nc3 Bb4 4. e3 O-O 5. Bd3 d5 6. Nf3 c5 7. O-O b6 8. Qe2
Bxc3 9. bxc3 Ba6 10. Ba3 Nbd7 11. cxd5 Bxd3 12. Qxd3 exd5 13. c4 Rc8 14. Rfd1
Re8 15. dxc5 Nxc5 16. Qf5 g6 17. Qh3 Nce4 18. cxd5 Rc2 19. Qh4 Nxf2 20. Rd2 Rxd2
21. Nxd2 N2e4 22. Nxe4 Nxe4 23. Qxd8 Rxd8 24. Rd1 f5 25. g4 Nc3 26. Rd3 Nxd5 27.
gxf5 gxf5 28. Kf2 Kf7 29. Rd1 Ke6 30. Rc1 Rd7 31. Rc6+ Kf7 32. Kf3 Rd8 33. Bb2
Re8 34. Bd4 Re6 35. Rc8 Rh6 36. Kg3 a5 37. a3 Ke7 38. Rb8 Kd7 39. Rb7+ Kc6 40.
Rf7 Rh5 41. a4 Kd6 42. h4 Kc6 43. Rf8 Kd6 44. Rd8+ Kc6 45. Rf8 Kd6 46. Rd8+ Kc6 1/2-1/2

[Event "37th World Junior Girls"]
[Site "New Delhi IND"]
[Date "2019.10.23"]
[Round "9.21"]
[White "Nilssen, Ellen Fredericia"]
[Black "Zhang, Xiao"]
[Result "0-1"]
[WhiteTitle "WFM"]
[WhiteElo "2137"]
[BlackElo "2053"]
[WhiteFideId "1441230"]
[BlackFideId "8610894"]
[EventDate "2019.10.15"]

1. Nf3 d5 2. g3 Nf6 3. d4 e6 4. c4 dxc4 5. Bg2 c5 6. Qa4+ Nc6 7. O-O Bd7 8. dxc5
Bxc5 9. Qxc4 Be7 10. Nc3 O-O 11. e4 Qa5 12. e5 Nxe5 13. Nxe5 Qxe5 14. Bxb7 Qh5
15. Bxa8 Ng4 16. h4 Rxa8 17. Qc7 Ne5 18. Bf4 Bc6 19. Rfd1 Qf3 20. Nd5 exd5 21.
Bxe5 d4 22. Kf1 d3 0-1

[Event "37th World Junior Girls"]
[Site "New Delhi IND"]
[Date "2019.10.23"]
[Round "9.24"]
[White "Katkov, Michelle"]
[Black "Srimathi, R"]
[Result "1-0"]
[WhiteTitle "WFM"]
[WhiteElo "2106"]
[BlackElo "1914"]
[WhiteFideId "2816393"]
[BlackFideId "25065378"]
[EventDate "2019.10.15"]

1. e4 c5 2. Nc3 Nc6 3. Bb5 e6 4. Bxc6 bxc6 5. f4 d5 6. Nf3 Ba6 7. d3 Nf6 8. e5
Nd7 9. O-O g6 10. b3 Bg7 11. Qe1 O-O 12. Ba3 Re8 13. Na4 Bf8 14. c4 Rc8 15. Rc1
Be7 16. Rf2 Bf8 17. Rfc2 f5 18. exf6 Qxf6 19. Qa5 Nb8 20. Bxc5 Qd8 21. Qxd8
Rcxd8 22. Bxa7 dxc4 23. dxc4 Bd6 24. Ne5 Bxe5 25. fxe5 Nd7 26. Nc5 Nxc5 27. Bxc5
Rd7 28. Rf2 Red8 29. Rcf1 Rd1 30. Rf8+ Kg7 31. Rf7+ Kg8 32. Ra7 Bc8 33. Rc7 R1d2
34. Rff7 Rd1+ 35. Kf2 R1d2+ 36. Ke3 R2d3+ 37. Ke4 Bd7 38. Re7 Rd1 39. Bd6 Re1+
40. Kd3 Rd1+ 41. Ke4 1-0

[Event "37th World Junior Girls"]
[Site "New Delhi IND"]
[Date "2019.10.23"]
[Round "9.28"]
[White "Cosme Contreras, Trilce"]
[Black "Ulziikhishigjargal, Ochirkhuyag"]
[Result "0-1"]
[WhiteTitle "WIM"]
[BlackTitle "FM"]
[WhiteElo "2027"]
[BlackElo "2194"]
[WhiteFideId "3819620"]
[BlackFideId "4903188"]
[EventDate "2019.10.15"]

1. d4 Nf6 2. c4 e6 3. Nc3 Bb4 4. e3 O-O 5. Bd3 d5 6. Ne2 dxc4 7. Bxc4 c5 8. O-O
Nc6 9. Bd3 b6 10. a3 Bxc3 11. bxc3 Bb7 12. Bb2 Qe7 13. Ng3 Rfd8 14. Qe2 a6 15.
Rad1 b5 16. c4 bxc4 17. Bxc4 cxd4 18. exd4 Nd5 19. f3 Na5 20. Ba2 Bc6 21. Qd2
Nb7 22. Ne4 Bb5 23. Rfe1 Qh4 24. Nc3 Nxc3 25. Bxc3 Nd6 26. Ba5 Rd7 27. Qb4 Rc8
28. Rc1 Rxc1 29. Rxc1 h6 30. a4 Qf4 31. Re1 Bc4 32. Qb8+ Kh7 33. Bb1+ g6 34. Bc3
Bd5 35. Bc2 Rb7 36. Qf8 Rc7 37. Bb4 Rxc2 38. Rf1 Qxd4+ 0-1

[Event "37th World Junior Girls"]
[Site "New Delhi IND"]
[Date "2019.10.23"]
[Round "9.29"]
[White "Kairbekova, Amina"]
[Black "Ananya, Suresh"]
[Result "1/2-1/2"]
[WhiteTitle "WFM"]
[BlackTitle "WCM"]
[WhiteElo "2096"]
[BlackElo "1896"]
[WhiteFideId "13712799"]
[BlackFideId "25004450"]
[EventDate "2019.10.15"]

1. e4 c5 2. Nf3 d6 3. d4 cxd4 4. Nxd4 a6 5. c4 Nf6 6. Nc3 e6 7. Be2 Be7 8. Be3
Qc7 9. O-O b6 10. f3 Bb7 11. Qd2 Nbd7 12. a4 O-O 13. a5 bxa5 14. Nb3 Nb6 15.
Nxa5 d5 16. cxd5 exd5 17. Rfc1 Nc4 18. Nxd5 Bxd5 19. Nxc4 Bxc4 20. Bxc4 Qb7 21.
b3 Bb4 22. Qe2 a5 23. Bd4 Qe7 24. e5 Rfd8 25. Bc3 Bxc3 26. Rxc3 Nd5 27. Bxd5
Rxd5 28. Rac1 Rad8 29. Rc8 h6 30. f4 Qa7+ 31. Kh1 Qb7 32. Rxd8+ Rxd8 33. Qe3 Qd5
34. h3 Rb8 35. Rc3 Rb4 36. Kh2 Kh7 37. Qg3 Qe4 38. Rf3 Qf5 39. Qf2 h5 40. Qh4 g6
41. Qf2 Kg7 42. g3 a4 43. bxa4 Rxa4 44. Qg2 Rc4 45. g4 hxg4 46. hxg4 Qe4 47. Qg3
g5 48. f5 Qxg4 49. f6+ Kg8 50. Qxg4 Re4 51. Rf5 Rxg4 52. Rf3 Kf8 53. Rf1 Re4 54.
Rf5 Rg4 55. Kh3 Rg1 56. Rf2 Re1 57. Ra2 Rxe5 58. Ra8+ Re8 59. Ra5 Re6 60. Ra8+
Re8 61. Ra5 Re6 62. Ra8+ 1/2-1/2

[Event "37th World Junior Girls"]
[Site "New Delhi IND"]
[Date "2019.10.23"]
[Round "9.30"]
[White "Vlkova, Anezka"]
[Black "Ortiz Verdezoto, Anahi"]
[Result "0-1"]
[BlackTitle "WIM"]
[WhiteElo "1972"]
[BlackElo "2055"]
[WhiteFideId "364339"]
[BlackFideId "3614581"]
[EventDate "2019.10.15"]

1. e4 e5 2. Nf3 Nc6 3. Bc4 Bc5 4. O-O Nf6 5. d3 O-O 6. h3 h6 7. c3 d5 8. exd5
Nxd5 9. Re1 Be6 10. b4 Bd6 11. b5 Nce7 12. Nxe5 c6 13. a4 Qc7 14. Qe2 Rfe8 15.
Ba3 c5 16. Nf3 Rad8 17. Qc2 Qc8 18. Qb3 Bxh3 19. Bxd5 Nxd5 20. Rxe8+ Rxe8 21.
Qc4 Bxg2 22. Qxd5 Qh3 0-1

[Event "37th World Junior Girls"]
[Site "New Delhi IND"]
[Date "2019.10.23"]
[Round "9.31"]
[White "Gomez Barrera, Javiera Belen"]
[Black "Savitha, Shri B"]
[Result "1/2-1/2"]
[WhiteTitle "WIM"]
[BlackTitle "WFM"]
[WhiteElo "2033"]
[BlackElo "1916"]
[WhiteFideId "3418723"]
[BlackFideId "35061887"]
[EventDate "2019.10.15"]

1. e4 c5 2. Nf3 d6 3. d4 cxd4 4. Nxd4 Nf6 5. Nc3 a6 6. Be3 e6 7. f3 Be7 8. Qd2
Qc7 9. g4 Nfd7 10. O-O-O Ne5 11. g5 b5 12. h4 Bd7 13. a3 Nc4 14. Bxc4 bxc4 15.
h5 Nc6 16. Nxc6 Qxc6 17. g6 fxg6 18. hxg6 h6 19. Ne2 Rb8 20. Qc3 Rg8 21. Bd4 e5
22. Be3 Rb5 23. Rhg1 Kd8 24. Ng3 Kc8 25. Nf5 Bxf5 26. exf5 d5 27. Qxe5 Bf6 28.
Qe6+ Qxe6 29. fxe6 Bxb2+ 30. Kd2 d4 31. Bf2 Re8 32. a4 Rf5 33. Rg4 c3+ 34. Ke2
Rxe6+ 35. Kf1 Rxf3 36. Rdxd4 Ref6 37. Rc4+ Kb8 38. Rg2 Re6 39. Kg1 Bc1 40. Rb4+
Ka8 41. Rd4 Bg5 42. Rd7 Rxg6 43. Bd4 Re6 44. Rf2 Rxf2 45. Kxf2 Bf6 46. Bxf6
Rxf6+ 47. Kg3 Rg6+ 48. Kf3 Kb8 49. Rd3 Rc6 50. Rd7 Rc7 51. Rd6 Kb7 52. Rg6 Re7
53. a5 Rd7 54. Rb6+ Ka7 55. Rc6 Rd5 56. Rc7+ Kb8 57. Rxg7 Rxa5 58. Rg6 Kb7 59.
Rxh6 Rd5 60. Ke4 Rd2 61. Rh3 Rxc2 62. Kd4 Kb6 63. Rxc3 Rh2 64. Kc4 a5 65. Kb3
Kb5 66. Rg3 Rh5 67. Rf3 Re5 68. Rg3 a4+ 69. Ka3 Rf5 70. Rh3 Rf1 71. Rh5+ Kc4 72.
Rh4+ 1/2-1/2

[Event "37th World Junior Girls"]
[Site "New Delhi IND"]
[Date "2019.10.23"]
[Round "9.33"]
[White "Bakshi, Rutuja"]
[Black "Figueroa Bernal, Julia Dennis"]
[Result "1-0"]
[BlackTitle "WCM"]
[WhiteElo "2029"]
[BlackElo "1777"]
[WhiteFideId "5016509"]
[BlackFideId "3435300"]
[EventDate "2019.10.15"]

1. d4 Nf6 2. Nf3 g6 3. g3 Bg7 4. Bg2 O-O 5. c4 d6 6. Nc3 Nbd7 7. O-O e5 8. e4
exd4 9. Nxd4 Re8 10. h3 a6 11. Re1 Rb8 12. Be3 Ne5 13. Qe2 Bd7 14. Rad1 Qc8 15.
Kh2 h5 16. Nd5 b5 17. Bg5 Nxd5 18. cxd5 Kh7 19. f4 f6 20. fxe5 dxe5 21. Be3 exd4
22. Bxd4 Qd8 23. Qf2 Qe7 24. Rd3 Qd6 25. Qf4 Qxf4 26. gxf4 c6 27. d6 f5 28. e5
g5 29. fxg5 c5 30. Bxc5 Bxe5+ 31. Kh1 Bxb2 32. Re7+ Rxe7 33. dxe7 Be8 34. Rd8
Be5 35. Ba7 1-0

[Event "37th World Junior Girls"]
[Site "New Delhi IND"]
[Date "2019.10.23"]
[Round "9.34"]
[White "Meghna, C H"]
[Black "Tamarozi, Isabelle"]
[Result "1-0"]
[WhiteTitle "WFM"]
[WhiteElo "1956"]
[BlackElo "2029"]
[WhiteFideId "5044790"]
[BlackFideId "2132400"]
[EventDate "2019.10.15"]

1. e4 c5 2. Nf3 Nc6 3. d4 cxd4 4. Nxd4 g6 5. c4 Nf6 6. Nc3 d6 7. Be2 Nxd4 8.
Qxd4 Bg7 9. Be3 O-O 10. Qd2 Be6 11. O-O a5 12. Rad1 a4 13. Bd4 Qa5 14. f4 Rfc8
15. b3 Qb4 16. f5 Bd7 17. Bxf6 exf6 18. Nd5 Qc5+ 19. Qd4 Qxd4+ 20. Rxd4 Re8 21.
Nc7 Bh6 22. Rxd6 Bc6 23. Nxe8 Rxe8 24. Bf3 Be3+ 25. Kh1 Bf4 26. Rd3 Be5 27. Rfd1
Kg7 28. Rd8 Re7 29. b4 b5 30. c5 a3 31. R8d3 Ra7 32. Kg1 Ra4 33. Rb3 h5 34. h3
h4 35. fxg6 fxg6 36. Kf2 Kh6 37. Ke3 Be8 38. Rd2 Bf7 39. Rb1 Bc3 40. Rc2 Rxb4
41. Rxb4 Bxb4 42. c6 Be6 43. c7 Bc8 44. Be2 Bd6 45. Bxb5 Kg5 46. Rc6 Bf4+ 47.
Kf3 f5 48. exf5 gxf5 49. Ba6 1-0

[Event "37th World Junior Girls"]
[Site "New Delhi IND"]
[Date "2019.10.23"]
[Round "9.42"]
[White "Levitan, Ronit"]
[Black "Yaakub, Nov Genevia Pslam"]
[Result "1-0"]
[WhiteTitle "WCM"]
[WhiteElo "1893"]
[BlackElo "1316"]
[WhiteFideId "2815109"]
[BlackFideId "5745950"]
[EventDate "2019.10.15"]

1. e4 e5 2. Nf3 Nc6 3. Bc4 Bc5 4. c3 Nf6 5. d3 h6 6. Nbd2 d6 7. Bb3 O-O 8. h3
Re8 9. Nf1 d5 10. Qe2 dxe4 11. dxe4 b6 12. Ng3 Bb7 13. O-O Bd6 14. Rd1 Qc8 15.
Nh4 Ne7 16. Qf3 Rd8 17. Bxh6 a5 18. Bg5 a4 19. Bc4 Ba6 20. Bxa6 Rxa6 21. Bxf6
gxf6 22. Nh5 Qe6 23. Qg3+ Kf8 24. Qg7+ 1-0

[Event "37th World Junior Girls"]
[Site "New Delhi IND"]
[Date "2019.10.23"]
[Round "9.44"]
[White "Du Plessis, Anika"]
[Black "Reid, Caitlin"]
[Result "1-0"]
[WhiteTitle "WIM"]
[WhiteElo "1594"]
[BlackElo "1489"]
[WhiteFideId "14318610"]
[BlackFideId "2405059"]
[EventDate "2019.10.15"]

1. e4 c5 2. Nf3 d6 3. d4 cxd4 4. Nxd4 Nf6 5. Nc3 g6 6. Be2 Bg7 7. O-O Nc6 8. Be3
O-O 9. f4 e6 10. Ndb5 Ne8 11. Qd2 a6 12. Nd4 Nc7 13. Nf3 Qe7 14. Rad1 Rd8 15.
Qe1 b5 16. a3 Bb7 17. Qf2 Na5 18. f5 Nc4 19. Bxc4 bxc4 20. fxg6 fxg6 21. Bg5 Bf6
22. Bxf6 Qxf6 23. Qb6 Rdc8 24. Qxb7 Rab8 25. Qc6 Rxb2 26. Qxc4 Rxc2 27. Nd4 Rxc3
28. Qxc3 Qd8 29. Rc1 1-0

[Event "37th World Junior Girls"]
[Site "New Delhi IND"]
[Date "2019.10.24"]
[Round "10.1"]
[White "Shuvalova, Polina"]
[Black "Berdnyk, Mariia"]
[Result "1-0"]
[WhiteTitle "WIM"]
[WhiteElo "2412"]
[BlackElo "2349"]
[WhiteFideId "24171760"]
[BlackFideId "14137054"]
[EventDate "2019.10.15"]

1. e4 c5 2. Nf3 d6 3. Bb5+ Nd7 4. c3 Nf6 5. Qe2 a6 6. Ba4 b5 7. Bc2 Bb7 8. O-O
g6 9. d4 Bg7 10. Rd1 O-O 11. e5 Bxf3 12. gxf3 Nh5 13. f4 e6 14. dxc5 d5 15. Qg4
Nxc5 16. Be3 Nd7 17. Nd2 Qe7 18. Nf1 f6 19. exf6 Qxf6 20. Ng3 Nxf4 21. Bxf4 Qxf4
22. Qxe6+ Kh8 23. Qe3 Qf7 24. Bb3 Rae8 25. Bxd5 Rxe3 26. Bxf7 Rxg3+ 27. hxg3
Rxf7 28. a4 b4 29. cxb4 Bxb2 30. Rab1 Be5 31. Rbc1 Kg7 32. Rc6 Nb8 33. Re6 Bc7
34. Kg2 Kf8 35. b5 axb5 36. axb5 Nd7 37. Rc1 Bb6 38. Rc8+ Kg7 39. f4 Rf6 40.
Re7+ Rf7 41. Rxf7+ Kxf7 42. Rc6 Be3 43. Kf3 Bg1 44. g4 Ke7 45. g5 Nb6 46. Rc1
Bd4 47. Rh1 Ke6 48. Rxh7 Nd5 49. Ke4 Bg1 50. Rh1 Ba7 51. Rh6 Nc3+ 52. Kf3 Kf5
53. Rh7 Nxb5 54. Rf7+ Ke6 55. Rf6+ Ke7 56. Rxg6 Bd4 57. f5 Nd6 58. Re6+ Kd7 59.
Kg4 Bc3 60. Re2 Ne8 61. Kh5 Nc7 62. f6 Nd5 63. f7 Bb4 64. Kh6 Bf8+ 65. Kh7 Nf4
66. Re8 1-0

[Event "37th World Junior Girls"]
[Site "New Delhi IND"]
[Date "2019.10.24"]
[Round "10.2"]
[White "Dordzhieva, Dinara"]
[Black "Alinasab, Mobina"]
[Result "1/2-1/2"]
[WhiteTitle "WIM"]
[BlackTitle "WIM"]
[WhiteElo "2335"]
[BlackElo "2239"]
[WhiteFideId "24157570"]
[BlackFideId "12528897"]
[EventDate "2019.10.15"]

1. e4 e6 2. d4 d5 3. Nc3 Nf6 4. e5 Nfd7 5. f4 c5 6. Nf3 Nc6 7. Be3 a6 8. Be2 b5
9. Qd2 Qb6 10. O-O cxd4 11. Nxd4 Bc5 12. Rad1 O-O 13. Bf3 Nxd4 14. Bxd4 Bxd4+
15. Qxd4 Qxd4+ 16. Rxd4 Rb8 17. Rdd1 Nb6 18. b3 b4 19. Ne2 a5 20. Nd4 Bd7 21.
Rfe1 Rfc8 22. Be2 Rc5 23. Bd3 Nc8 24. Kf2 Na7 25. Ra1 Nc6 26. Nxc6 Bxc6 27. a3
g6 28. Ke3 Bd7 29. axb4 Rxb4 30. Ra3 a4 31. bxa4 Bxa4 32. c3 Rxc3 33. Rxc3 d4+
34. Kd2 dxc3+ 35. Kxc3 Rxf4 36. Re4 Rxe4 37. Bxe4 f6 38. exf6 Kf7 39. Kd4 Kxf6
40. h4 Bd1 41. g3 Bg4 42. Bd3 Bf5 43. Be2 h6 44. Bd1 Bb1 45. Bg4 Ba2 46. Bh3 Bd5
47. Bg4 Bg2 48. Bd1 Kf5 49. Bc2+ Kg4 50. Bxg6 Kxg3 51. Ke5 Bh3 52. h5 Kh4 53.
Bf7 Bg4 54. Bxe6 Kxh5 55. Bf7+ Kg5 56. Be8 Bc8 57. Ke4 Bf5+ 58. Ke3 Bg6 59. Bxg6
Kxg6 60. Ke4 1/2-1/2

[Event "37th World Junior Girls"]
[Site "New Delhi IND"]
[Date "2019.10.24"]
[Round "10.3"]
[White "Munkhzul, Turmunkh"]
[Black "Solozhenkina, Elizaveta"]
[Result "0-1"]
[WhiteTitle "WIM"]
[BlackTitle "WIM"]
[WhiteElo "2332"]
[BlackElo "2283"]
[WhiteFideId "4901878"]
[BlackFideId "34106615"]
[EventDate "2019.10.15"]

1. e4 c5 2. Nf3 d6 3. d4 cxd4 4. Nxd4 Nf6 5. Nc3 a6 6. Be2 e5 7. Nb3 Be7 8. O-O
O-O 9. Be3 Be6 10. Qd2 Nbd7 11. a4 Nb6 12. a5 Nc4 13. Bxc4 Bxc4 14. Rfd1 h6 15.
f3 Rc8 16. Bb6 Qe8 17. Nc1 Nd7 18. Be3 f5 19. exf5 Rxf5 20. N1e2 Qg6 21. Ng3 Rf7
22. Kh1 Nf6 23. Nge4 Nxe4 24. fxe4 Rcf8 25. b3 Bf1 26. Nd5 Bh4 27. Bf4 Bb5 28.
Be3 Kh8 29. g3 Bf1 30. Nc3 Bxg3 31. hxg3 Qxg3 32. Re1 Rf2 0-1

[Event "37th World Junior Girls"]
[Site "New Delhi IND"]
[Date "2019.10.24"]
[Round "10.4"]
[White "Li, Yunshan"]
[Black "Tsolakidou, Stavroula"]
[Result "1/2-1/2"]
[WhiteTitle "WFM"]
[BlackTitle "IM"]
[WhiteElo "2289"]
[BlackElo "2431"]
[WhiteFideId "8607664"]
[BlackFideId "4264312"]
[EventDate "2019.10.15"]

1. d4 Nf6 2. c4 e6 3. g3 d5 4. Bg2 dxc4 5. Nf3 a6 6. O-O Nc6 7. e3 Rb8 8. Qe2 b5
9. b3 cxb3 10. axb3 Be7 11. Bb2 O-O 12. Rc1 Rb6 13. Ne1 Bb7 14. Nd3 Qa8 15. Qf1
Nb4 16. Nxb4 Bxb4 17. Rxc7 Bxg2 18. Qxg2 Nd5 19. Rc1 Rc8 20. Na3 Rxc1+ 21. Rxc1
Rc6 22. Qf1 f5 23. Rxc6 Qxc6 24. Qc1 Qb7 25. Nc2 Bd6 26. f3 Nf6 27. Kf2 a5 28.
Ne1 h6 29. Nd3 Qd5 30. Qc2 Kh7 31. Nc5 Qc6 32. Qd3 Be7 33. g4 g6 34. gxf5 exf5
35. e4 fxe4 36. Nxe4 Nd5 37. Nc3 Nf4 38. Qe3 Qc7 39. Kf1 Bg5 40. Ne4 Qd7 41.
Nxg5+ hxg5 42. Kg1 Qf5 43. Qe4 Nd5 44. Kf2 a4 45. bxa4 bxa4 46. Ba3 Kg7 47. Qe8
Qc2+ 48. Kg3 Qf5 49. Kf2 Kh7 50. Qe4 Qd7 51. Qe5 Nf4 52. Qe4 Qf7 53. d5 Nxd5 54.
Qxa4 Nf4 55. Bd6 Qf5 56. Qe4 Ne6 57. Qxf5 gxf5 1/2-1/2

[Event "37th World Junior Girls"]
[Site "New Delhi IND"]
[Date "2019.10.24"]
[Round "10.6"]
[White "Priyanka, Nutakki"]
[Black "Divya, Deshmukh"]
[Result "1-0"]
[WhiteTitle "WIM"]
[BlackTitle "WIM"]
[WhiteElo "2248"]
[BlackElo "2358"]
[WhiteFideId "25049615"]
[BlackFideId "35006916"]
[EventDate "2019.10.15"]

1. c4 Nf6 2. Nc3 e6 3. e4 d5 4. e5 d4 5. exf6 dxc3 6. bxc3 Qxf6 7. Nf3 b6 8. g3
Bb7 9. Bg2 Bd6 10. O-O O-O 11. d4 Qd8 12. Qc2 g6 13. Bh6 Re8 14. h4 Nd7 15. Rfe1
Rb8 16. Bg5 Qc8 17. h5 Bf8 18. hxg6 hxg6 19. d5 exd5 20. Rxe8 Qxe8 21. Re1 Qc8
22. Nh4 Bg7 23. Bh3 Qf8 24. Bxd7 Qd6 25. Qa4 dxc4 26. Qxa7 Rf8 27. Qxb7 Qxd7 28.
Qf3 Qa4 29. Re7 Qxa2 30. Rxc7 f6 31. Qd5+ Kh7 32. Qd7 Qb1+ 33. Kh2 Rg8 34. Bxf6
Qc2 35. Bxg7 Qxf2+ 36. Ng2 1-0

[Event "37th World Junior Girls"]
[Site "New Delhi IND"]
[Date "2019.10.24"]
[Round "10.7"]
[White "Antova, Gabriela"]
[Black "Potluri, Supreetha"]
[Result "1-0"]
[WhiteTitle "FM"]
[BlackTitle "WFM"]
[WhiteElo "2318"]
[BlackElo "1767"]
[WhiteFideId "2915235"]
[BlackFideId "25053094"]
[EventDate "2019.10.15"]

1. d4 Nf6 2. c4 g6 3. Nc3 Bg7 4. e4 d6 5. Nf3 O-O 6. Be2 Bg4 7. Be3 Nfd7 8. Qd2
Nc6 9. d5 Bxf3 10. gxf3 Ncb8 11. f4 e6 12. dxe6 fxe6 13. h4 Nc6 14. h5 Nf6 15.
hxg6 hxg6 16. O-O-O Qe8 17. f5 exf5 18. exf5 Ne5 19. fxg6 c6 20. Bh6 Qe7 21.
Bxg7 Qxg7 22. Qxd6 Nxg6 23. Rdg1 Rad8 24. Qe6+ Rf7 25. Qf5 Ne8 26. Qxg6 Qxg6 27.
Rxg6+ Rg7 28. Rxg7+ Kxg7 29. Rd1 Rxd1+ 30. Kxd1 Kf6 31. Kd2 Nd6 32. Bd3 a6 33.
Ne4+ Nxe4+ 34. Bxe4 1-0

[Event "37th World Junior Girls"]
[Site "New Delhi IND"]
[Date "2019.10.24"]
[Round "10.9"]
[White "Altantuya, Boldbaatar"]
[Black "Aakanksha, Hagawane"]
[Result "0-1"]
[WhiteTitle "WFM"]
[BlackTitle "WIM"]
[WhiteElo "2277"]
[BlackElo "2181"]
[WhiteFideId "4902785"]
[BlackFideId "25014510"]
[EventDate "2019.10.15"]

1. d4 Nf6 2. Bg5 d5 3. Nc3 Bf5 4. Nf3 Nbd7 5. e3 g6 6. Qd2 Bg7 7. O-O-O c6 8. h3
b5 9. Ne5 b4 10. Na4 Ne4 11. Nxc6 Nxd2 12. Nxd8 Ne4 13. Nc6 Nxg5 14. Nxb4 Be6
15. Nc3 Nb6 16. Bb5+ Kf8 17. Bc6 Rc8 18. Bb7 Rxc3 19. bxc3 Ne4 20. Rdf1 Nxc3 21.
Ba6 Bd7 22. Kd2 Ne4+ 23. Ke2 e5 24. dxe5 Bxe5 25. Nd3 Bd6 26. Ra1 Ke7 27. Rhe1
Bc8 28. Bxc8 Rxc8 29. Kf1 Rxc2 30. Re2 Rc3 31. Rd1 Ra3 32. Rc2 Nc3 33. Ra1 Nc4
34. Nc1 Be5 35. Nb3 a5 36. Nd4 Bxd4 37. exd4 Nb5 38. Rd1 Kd6 39. Ke1 Ra4 40. Rd3
Rb4 41. f3 a4 42. Kf2 a3 43. Kg3 Nb2 44. Rdd2 Rxd4 45. Rxd4 Nxd4 46. Rc8 Nc4 47.
Rd8+ Ke6 48. Re8+ Kd7 49. Re1 Nc2 50. Re2 Nb4 51. Kf4 f5 52. g4 Nd3+ 53. Kg5
fxg4 54. hxg4 Ndb2 55. Rh2 d4 56. Rxh7+ Ke6 57. f4 d3 58. Kxg6 d2 59. f5+ Kd6
60. Rh1 Ne5+ 61. Kh5 d1=Q 62. Rxd1+ Nxd1 63. g5 Ke7 64. g6 Kf6 0-1

[Event "37th World Junior Girls"]
[Site "New Delhi IND"]
[Date "2019.10.24"]
[Round "10.11"]
[White "Arpita, Mukherjee"]
[Black "Diakonova, Ekaterina"]
[Result "1/2-1/2"]
[WhiteTitle "WIM"]
[WhiteElo "2271"]
[BlackElo "2231"]
[WhiteFideId "5056403"]
[BlackFideId "24172936"]
[EventDate "2019.10.15"]

1. e4 c6 2. d4 d5 3. e5 Bf5 4. Nf3 e6 5. Be2 Bb4+ 6. Nbd2 Nd7 7. O-O Ba5 8. Nb3
Bc7 9. Ne1 h6 10. f4 Ne7 11. a4 a5 12. Bd3 Bxd3 13. Qxd3 O-O 14. c3 b6 15. Nc2
c5 16. Qh3 Rc8 17. Ne3 f5 18. exf6 Rxf6 19. Ng4 Rf7 20. Re1 Nf8 21. dxc5 bxc5
22. Be3 c4 23. Nd4 Bxf4 24. Bxf4 Rxf4 25. Qg3 Neg6 26. Nxe6 Qb6+ 27. Nd4 Rd8 28.
Re2 h5 29. Ne5 h4 30. Qg5 Rf6 31. Ng4 Rfd6 32. Rae1 Nh7 33. Qd2 Nf6 34. Nxf6+
Rxf6 35. Re6 Rd6 36. Re8+ Rf8 37. h3 Rf6 38. Rxf8+ Nxf8 39. Kh1 Ng6 40. Re8+ Kf7
41. Qe2 Nf4 42. Qe7+ Kg6 43. Rg8 Rf7 44. Qxh4 Qxb2 45. Qg4+ Kh7 46. Ra8 g6 47.
Ne6 Qf2 48. Nxf4 Qxf4 49. Qxf4 Rxf4 50. Rxa5 Rf1+ 51. Kh2 Rc1 52. Rxd5 Rxc3 53.
Rc5 Rc2 54. a5 Ra2 55. Rxc4 Rxa5 56. Kg3 Ra2 57. Kf3 Kh6 58. Rc5 Ra3+ 59. Kg4
Ra4+ 60. Kg3 Ra3+ 61. Kf4 Ra4+ 62. Kf3 Ra3+ 63. Kf4 Ra4+ 64. Kf3 Ra3+ 65. Ke4 1/2-1/2

[Event "37th World Junior Girls"]
[Site "New Delhi IND"]
[Date "2019.10.24"]
[Round "10.22"]
[White "Meghna, C H"]
[Black "Mrudul, Dehankar"]
[Result "1/2-1/2"]
[WhiteTitle "WFM"]
[BlackTitle "WCM"]
[WhiteElo "1956"]
[BlackElo "2227"]
[WhiteFideId "5044790"]
[BlackFideId "25096990"]
[EventDate "2019.10.15"]

1. e4 c5 2. Nf3 d6 3. d4 cxd4 4. Nxd4 Nf6 5. Nc3 a6 6. f4 Qc7 7. a4 e6 8. Be2
Be7 9. O-O Nbd7 10. Bf3 O-O 11. Kh1 Nb6 12. g4 Nfd7 13. g5 Re8 14. Bg2 Bf8 15.
Qe1 e5 16. Nde2 exf4 17. Nxf4 Nc5 18. a5 Nc4 19. Nfd5 Qd8 20. Qg3 Be6 21. b3 Ne5
22. Bb2 Rc8 23. Rad1 Ncd7 24. b4 Rc4 25. Ne3 Rc6 26. Ba1 b6 27. axb6 Nxb6 28.
Ne2 Qc8 29. Nd4 Rc7 30. Nef5 Bc4 31. Rf2 Nbd7 32. Rfd2 Qb7 33. c3 Ra8 34. Nc2
Bb3 35. Rb1 Ba4 36. Nce3 Bc6 37. Qf4 Ng6 38. Qf2 Bxe4 39. Nd5 Rc4 40. Bxe4 Rxe4
41. Qf3 Rae8 42. Rf1 Kh8 43. Ng3 Re1 44. Qxf7 Rxf1+ 45. Qxf1 Nb6 46. c4 Rc8 47.
Kg1 Nxc4 48. Rd1 Nce5 49. Qe2 Qc6 50. Nf1 Re8 51. Nfe3 Qc8 52. Rf1 Qd8 53. Qg2
Be7 54. Nxe7 Qxe7 55. Nf5 Qd8 56. Bd4 Rf8 57. Qg3 Qd7 58. Ne3 Rxf1+ 59. Nxf1 Qb7
60. Bxe5 dxe5 61. Qd3 Qxb4 62. Qxa6 Qd4+ 63. Kh1 Qe4+ 64. Kg1 h6 65. gxh6 Qd4+
66. Kh1 Qe4+ 67. Kg1 Qd4+ 68. Kh1 Qd5+ 69. Kg1 Qd4+ 1/2-1/2